| 000 | 00341nam a2200097Ia 4500 | ||
|---|---|---|---|
| 008 | 171204s9999 xx 000 0 und d | ||
| 245 | _aWinning with Data: Transform Your Culture, Empower Your People, and Shape the Future: | ||
| 245 | _cFrank Bien and Tomasz Tunguz | ||
| 260 | _c2016 | ||
| 856 | _uhttp://down.ebook777.com/037/9781119257233.pdf | ||
| 999 |
_c347234 _d347234 |
||